00353nam a2200145Ia 45000030006000000050017000060080041000230400009000640410012000730820017000851000022001022450061001242600014001853000008001990Nust20170105110255.0161124s9999 xx 000 0 und d cIGIS aEnglish a621.483bLOF aRobert L Loftness aNuclear Power Plants Van Nostrand Nuclear Science Series aUSAc1964 a548